000 00578nam a2200181 i 4500
001 59672
003 ES-MaACL
005 20250822063125.0
007 t|
008 031030s1924 sp ||||1| spa d
100 1 _aEnríquez de Salamanca, Fernando,
_d1890-1966
_947286
245 1 0 _aNefritis
_b: lecciones explicadas en cátedra /
_cpor Fernando Enríquez de la Salamanca.
260 _aMadrid :
_b[s.n.],
_c1924 (
_fJaime Ratés)
300 _a174 p. ;
_c19 cm.
650 0 4 _aRiñones-
_xEnfermedades.
_916914
852 _aES-MaACL
_jE-300
999 _c59672
_d59672